| 000 | 00680nam a22002177a 4500 | ||
|---|---|---|---|
| 999 |
_c4565 _d4565 |
||
| 003 | AR-CdUCM | ||
| 008 | 190311b ||||| |||| 00| 0 spa d | ||
| 040 |
_aMUNICIPALIDAD PROVINCIAL DEL CUSCO _cBIBLIOTECA MUNICIPAL DEL CUSCO |
||
| 041 | _heng | ||
| 082 |
_a810 / _bAL43 |
||
| 100 |
_aAllen, Walter _914270 |
||
| 245 | _aEl Sueño Norteamericano a través de su Literatura / | ||
| 260 |
_aBuenos Aires : _bPleamar ; _c1969. |
||
| 300 |
_a254 páginas _c20cm |
||
| 505 | _aContenido : Novela | ||
| 650 |
_aNovela estadounidense _9448 |
||
| 650 |
_aLiteratura estadounidense _99582 |
||
| 700 |
_aMayer, Gerardo (traducción) _914271 |
||
| 942 |
_2ddc _cLIBROS |
||
| 945 | _anom | ||